Seçmen ve siyasal partiler (Record no. 1300)

MARC details
000 -BAŞLIK
Sabit Uzunlukta Kontrol Alanı 00969na a2200265 4500
001 - KONTROL NUMARASI
Denetim Alanı 16601
003 - KONTROL NUMARASI IDENTIFIER
Denetim Alanı MIRAKIL
005 - SON İŞLEM TARİHİ VE ZAMANI
Denetim Alanı 20181213154818.0
008 - SABİT-BOY VERİ ELEMANLARI - GENEL BİLGİLER
Sabit Uzunlukta Kontrol Alanı 161012b tu 000 0
035 ## - SİSTEM KONTROL NUMARASI
Sistem Kontrol Numarası 16601
040 ## - KATALOGLAMA KAYNAK
Orijinal Kataloglama Ajansı Milas
Kataloglama Dili tur
Metne Dönüştürmek Ajansı TR-AnCHP
041 ## - DİL KODU
Metin / Ses Parça Veya Ayrı Başlığın Dil Kodu tur
082 ## - DEWEY ONLU SINIFLANDIRMA NUMARASI
Sınıflandırma Numarası 324.64
Ürün Numarası S31 1998
090 ## - SINIFLAMA NUMARASI
Sınıflama Numarası 324.64 S31 1998
245 ## - BAŞLIK TABLOSU
Başlık Seçmen ve siyasal partiler
Başlığın Kalan "RP'den sonra" siyasal tercih değişiklikleri
-- Gaziantep-Adana-Bursa-Samsun-Eskişehir-Diyarbakır-İzmir-Ankara-İstanbul
Sorumluluk Tablosu, Vb İletişim Vakfı
246 ## - UNVAN FORM VARYING
Başlık Doğru / Kısa Başlığı "RP'den sonra" siyasal tercih değişiklikleri
260 ## - YAYIN, DAĞITIM, VB
Yayın, Dağıtım, Vb Yeri [1998]
Yayıncı, Dağıtıcı, Vs Adı İletişim Vakfı
Yayın, Dağıtım, Vb Tarihi 1998
300 ## - FİZİKSEL TANIM
Kapsam 17 s.
Diğer Fiziksel Ayrıntıları sondan 56 s. tbl.
Boyutlar 30 sm.
650 ## - KONU KATMA GİRİŞ - TOPİKAL DÖNEM
Topikal Süreli Veya Coğrafi Ad Giriş Elemanı Seçimler
Genel Alt Bölümü Oy verme araştırması
650 ## - KONU KATMA GİRİŞ - TOPİKAL DÖNEM
Topikal Süreli Veya Coğrafi Ad Giriş Elemanı Siyasal partiler
Genel Alt Bölümü Oy verme araştırması
Kronolojik Alt Bölümü Seçmenler
650 ## - KONU KATMA GİRİŞ - TOPİKAL DÖNEM
Topikal Süreli Veya Coğrafi Ad Giriş Elemanı Siyasal tercih
Genel Alt Bölümü Seçmen davranışı
650 ## - KONU KATMA GİRİŞ - TOPİKAL DÖNEM
Topikal Süreli Veya Coğrafi Ad Giriş Elemanı Siyasal katılma
Genel Alt Bölümü Seçmen davranışı
650 ## - KONU KATMA GİRİŞ - TOPİKAL DÖNEM
Topikal Süreli Veya Coğrafi Ad Giriş Elemanı Oy verme araştırması
Coğrafi Alt Bölümü Türkiye
942 ## - EKLENDİ GİRİŞ ELEMANLARI (KOHA)
Sınıflandırma Veya Raf Düzeni Kaynak
Koha Öğesi Türü Books
999 ## - SİSTEM KONTROL NUMARALARI (KOHA)
Koha Biblionumber 1300
Koha Biblioitemnumber 1300
Holdings
Kalıcı Konum Mevcut Konum Edinme Tarihi Edinim Kaynak Toplam Check-Out'Lar Tam Çağrı Numarası Barkod Tarih Son Görülme İtibaren Geçerli Fiyatlar Koha Öğesi Türü
CHP Kütüphanesi CHP Kütüphanesi 10/08/2016 Bağış   324.64 S31 1998 006581 10/08/2016 10/08/2016 Books